New headway : (Record no. 3851)
[ view plain ]
| 000 -LEADER | |
|---|---|
| fixed length control field | 01108cam a22003135a 4500 |
| 003 - CONTROL NUMBER IDENTIFIER | |
| control field | EG-ScBUE |
| 005 - DATE AND TIME OF LATEST TRANSACTION | |
| control field | 20220526111859.0 |
| 008 - FIXED-LENGTH DATA ELEMENTS--GENERAL INFORMATION | |
| fixed length control field | 150813r20011996enka f 001 0 eng d |
| 020 ## - INTERNATIONAL STANDARD BOOK NUMBER | |
| International Standard Book Number | 0194702235 (pbk) |
| 020 ## - INTERNATIONAL STANDARD BOOK NUMBER | |
| International Standard Book Number | 9780194702232 |
| 040 ## - CATALOGING SOURCE | |
| Original cataloging agency | EG-ScBUE |
| Language of cataloging | eng |
| Description conventions | rda |
| Transcribing agency | EG-ScBUE |
| Modifying agency | EG-ScBUE |
| 082 04 - DEWEY DECIMAL CLASSIFICATION NUMBER | |
| Classification number | 428.24 |
| Item number | SOA |
| Edition number | 22 |
| 100 1# - MAIN ENTRY--PERSONAL NAME | |
| Personal name | Soars, Liz, |
| Dates associated with a name | 1945- |
| Relator term | author. |
| 9 (RLIN) | 34639 |
| 245 10 - TITLE STATEMENT | |
| Title | New headway : |
| Remainder of title | English course, |
| Name of part/section of a work | Intermediate, |
| -- | Student's book / |
| Statement of responsibility, etc | Liz & John Soars. |
| 250 ## - EDITION STATEMENT | |
| Edition statement | Twenty-second impression. |
| 264 #1 - PUBLICATION, DISTRIBUTION, ETC. (IMPRINT) | |
| Place of publication, distribution, etc | Oxford ; |
| -- | New York : |
| Name of publisher, distributor, etc | Oxford University Press, |
| Date of publication, distribution, etc | 2001. |
| 300 ## - PHYSICAL DESCRIPTION | |
| Extent | 159 pages : |
| Other physical details | color illustrations ; |
| Dimensions | 28 cm |
| 336 ## - CONTENT TYPE | |
| Source | rdacontent |
| Content type term | text |
| Content type code | txt |
| 337 ## - MEDIA TYPE | |
| Source | rdamedia |
| Media type term | unmediated |
| Media type code | n |
| 338 ## - CARRIER TYPE | |
| Source | rdacarrier |
| Carrier type term | volume |
| Carrier type code | nc |
| 500 ## - GENERAL NOTE | |
| General note | Includes index. |
| 650 #7 - SUBJECT ADDED ENTRY--TOPICAL TERM | |
| Topical term or geographic name as entry element | English language |
| Form subdivision | Textbooks for foreign speakers. |
| Source of heading or term | BUEsh |
| 650 #7 - SUBJECT ADDED ENTRY--TOPICAL TERM | |
| Topical term or geographic name as entry element | English language |
| General subdivision | Grammar |
| Form subdivision | Problems, exercises, etc. |
| Source of heading or term | BUEsh |
| 651 ## - SUBJECT ADDED ENTRY--GEOGRAPHIC NAME | |
| Source of heading or term | BUEsh |
| 653 ## - INDEX TERM--UNCONTROLLED | |
| Resource For college | Humanities: English |
| Arrived date list | August2015 |
| -- | November2018 |
| 655 ## - INDEX TERM--GENRE/FORM | |
| Form subdivision | Reading book |
| 9 (RLIN) | 34232 |
| 700 1# - ADDED ENTRY--PERSONAL NAME | |
| Personal name | Soars, John, |
| Dates associated with a name | 1951- |
| Relator term | author. |
| 9 (RLIN) | 2160 |
| 942 ## - ADDED ENTRY ELEMENTS (KOHA) | |
| Source of classification or shelving scheme | Dewey Decimal Classification |
| Koha item type | Book - Borrowing |
| Withdrawn status | Lost status | Damaged status | Not for loan | Home library | Current library | Shelving location | Date acquired | Source of acquisition | Total Checkouts | Full call number | Barcode | Date last seen | Date checked out | Price effective from | Koha item type | Total Renewals | Source of classification or shelving scheme | Cost, normal purchase price | Cost, replacement price |
|---|---|---|---|---|---|---|---|---|---|---|---|---|---|---|---|---|---|---|---|
| Central Library | Central Library | Second Floor | 06/09/2012 | Purchase | 1 | 428.24 SOA | 000002950 | 15/07/2025 | 05/11/2009 | 12/09/2006 | Book - Borrowing | ||||||||
| Central Library | Central Library | Second Floor | 06/09/2012 | Purchase | 428.24 SOA | 000002949 | 15/07/2025 | 12/09/2006 | Book - Borrowing | ||||||||||
| Central Library | Central Library | Second Floor | 06/09/2012 | Purchase | 4 | 428.24 SOA | 000002948 | 15/07/2025 | 05/05/2015 | 12/09/2006 | Book - Borrowing | 3 | |||||||
| Central Library | Central Library | Second Floor | 06/09/2012 | Purchase | 4 | 428.24 SOA | 000002947 | 15/07/2025 | 18/09/2016 | 12/09/2006 | Book - Borrowing | ||||||||
| Central Library | Central Library | Second Floor | 06/09/2012 | Purchase | 428.24 SOA | 000002946 | 15/07/2025 | 12/09/2006 | Book - Borrowing | ||||||||||
| Central Library | Central Library | Second Floor | 06/09/2012 | Purchase | 428.24 SOA | 000002944 | 15/07/2025 | 12/09/2006 | NB - Book (Non borrowing) | ||||||||||
| Central Library | Central Library | Second Floor | 22/07/2007 | Purchase | 2 | 428.24 SOA | 000046572 | 15/07/2025 | 03/06/2015 | Book - Borrowing | Dewey Decimal Classification | 89.00 | 111.25 |